000 00703cam a22001814a 4500
005 20250605164404.0
008 250528s ||||||||||||||||||||||||d
035 _a24755
040 _aGR-AtMCL
_bgre
_dGR-AtMCL
_eAACR2
245 1 _aUsing Advanced Analytics to Improve Reliability / Embracing Data and Innovation for a Dynamic Approach to Fleet Monitoring and Maintenance
260 _bGlobal Railway Review,
_c2022
300 _a48
520 _aTomorrow's Train Stations: A Roundtable with Experts, The RDG's RDM: Making Access to Rail Data Easier for All, InnoTrans 2022 Review: What we Learned.
700 1 _aWaters Craig
_99421
942 _cCR
999 _c9609
_d9609